<?xml version="1.0" encoding="UTF-8"?>
<record
    xmlns:xsi="http://www.w3.org/2001/XMLSchema-instance"
    xsi:schemaLocation="http://www.loc.gov/MARC21/slim http://www.loc.gov/standards/marcxml/schema/MARC21slim.xsd"
    xmlns="http://www.loc.gov/MARC21/slim">

  <leader>00726nam a22002057a 4500</leader>
  <datafield tag="999" ind1=" " ind2=" ">
    <subfield code="c">16</subfield>
    <subfield code="d">16</subfield>
  </datafield>
  <controlfield tag="005">20260226110953.0</controlfield>
  <controlfield tag="008">230622b           ||||| |||| 00| 0 eng d</controlfield>
  <datafield tag="020" ind1=" " ind2=" ">
    <subfield code="a">9781-68094-482-2</subfield>
  </datafield>
  <datafield tag="040" ind1=" " ind2=" ">
    <subfield code="c">NMSCST</subfield>
  </datafield>
  <datafield tag="082" ind1=" " ind2=" ">
    <subfield code="a">577</subfield>
    <subfield code="b">R389 2017</subfield>
  </datafield>
  <datafield tag="245" ind1=" " ind2=" ">
    <subfield code="a">Remote sensing in ecology and conservation / </subfield>
    <subfield code="c">Maria Tattaris, editor. </subfield>
  </datafield>
  <datafield tag="260" ind1=" " ind2=" ">
    <subfield code="a">New York, NY : </subfield>
    <subfield code="b">Arcler Press LLC, </subfield>
    <subfield code="c">c2017.</subfield>
  </datafield>
  <datafield tag="300" ind1=" " ind2=" ">
    <subfield code="a">xxiv, 170 p. : </subfield>
    <subfield code="b">color, illustrations; color, maps</subfield>
  </datafield>
  <datafield tag="500" ind1=" " ind2=" ">
    <subfield code="a">Includes bibliographical references and index. </subfield>
  </datafield>
  <datafield tag="650" ind1=" " ind2=" ">
    <subfield code="a"> Nature conservation--Remote sensing. </subfield>
  </datafield>
  <datafield tag="650" ind1=" " ind2=" ">
    <subfield code="a">Conservation biology--Remote sensing. </subfield>
  </datafield>
  <datafield tag="650" ind1=" " ind2=" ">
    <subfield code="a">Applied ecology--Remote sensing.</subfield>
  </datafield>
  <datafield tag="700" ind1=" " ind2=" ">
    <subfield code="a">Tattaris, Maria</subfield>
    <subfield code="e">editor. </subfield>
  </datafield>
  <datafield tag="942" ind1=" " ind2=" ">
    <subfield code="2">ddc</subfield>
    <subfield code="c">CIR</subfield>
    <subfield code="0">1</subfield>
  </datafield>
  <datafield tag="952" ind1=" " ind2=" ">
    <subfield code="0">0</subfield>
    <subfield code="1">0</subfield>
    <subfield code="2">ddc</subfield>
    <subfield code="4">0</subfield>
    <subfield code="7">0</subfield>
    <subfield code="8">NFIC</subfield>
    <subfield code="a">CL</subfield>
    <subfield code="b">CL</subfield>
    <subfield code="c">RES</subfield>
    <subfield code="d">2023-06-22</subfield>
    <subfield code="e">Purchased</subfield>
    <subfield code="f">ES</subfield>
    <subfield code="h">7993</subfield>
    <subfield code="l">1</subfield>
    <subfield code="o">577 R389 2017</subfield>
    <subfield code="p">7993</subfield>
    <subfield code="r">2026-02-26</subfield>
    <subfield code="s">2026-02-26</subfield>
    <subfield code="t">c.1</subfield>
    <subfield code="w">2023-06-22</subfield>
    <subfield code="y">CIR</subfield>
  </datafield>
  <datafield tag="952" ind1=" " ind2=" ">
    <subfield code="0">0</subfield>
    <subfield code="1">0</subfield>
    <subfield code="2">ddc</subfield>
    <subfield code="4">0</subfield>
    <subfield code="7">0</subfield>
    <subfield code="8">NFIC</subfield>
    <subfield code="a">CL</subfield>
    <subfield code="b">CL</subfield>
    <subfield code="c">RES</subfield>
    <subfield code="d">2023-06-22</subfield>
    <subfield code="e">Purchased</subfield>
    <subfield code="f">ES</subfield>
    <subfield code="h">9646</subfield>
    <subfield code="l">0</subfield>
    <subfield code="o">577 T221 2017 c.2</subfield>
    <subfield code="p">9646</subfield>
    <subfield code="r">2023-06-22</subfield>
    <subfield code="t">c.2</subfield>
    <subfield code="w">2023-06-22</subfield>
    <subfield code="y">CIR</subfield>
  </datafield>
  <datafield tag="952" ind1=" " ind2=" ">
    <subfield code="0">0</subfield>
    <subfield code="1">0</subfield>
    <subfield code="2">ddc</subfield>
    <subfield code="4">0</subfield>
    <subfield code="7">0</subfield>
    <subfield code="8">NFIC</subfield>
    <subfield code="a">CL</subfield>
    <subfield code="b">CL</subfield>
    <subfield code="c">RES</subfield>
    <subfield code="d">2023-06-22</subfield>
    <subfield code="e">Purchased</subfield>
    <subfield code="f">ES</subfield>
    <subfield code="h">9647</subfield>
    <subfield code="l">0</subfield>
    <subfield code="o">577 T221 2017 c.3</subfield>
    <subfield code="p">9647</subfield>
    <subfield code="r">2023-06-22</subfield>
    <subfield code="t">c.3</subfield>
    <subfield code="w">2023-06-22</subfield>
    <subfield code="y">CIR</subfield>
  </datafield>
</record>
